Etica, política y cristianismo

Salvato in:
Dettagli Bibliografici
Autore principale: Spaemann, Robert (Autore)
Natura: Libro
Lingua:spagnolo
Pubblicazione: Madrid Palabra 2007
Serie:Colección Biblioteca Palabra. Prensamiento, 32
Soggetti:
Tags: Aggiungi Tag
Nessun Tag, puoi essere il primo ad aggiungerne!!

MARC

LEADER 00000nam a2200000 a 4500
001 UCI5465
003 CL-VaPUC
008 080328e20070000SP |||||||||||||||||spa|d
020 |a 9788494801066 
082 0 4 |a 170  |b SPA  |2 21 
100 0 |a Spaemann, Robert  |e author  |9 451782 
245 1 0 |a Etica, política y cristianismo 
300 |a 299 p 
942 |c BK 
945 |d 20080328 00:00:00  |a jtorresc 
260 |a Madrid  |b Palabra  |c 2007 
650 0 |a Ética  |9 255099 
650 7 |a FILOSOFIA POLITICA  |2 CL-VaPUC  |9 527857 
650 0 |a Cristianismo  |9 257361 
650 0 |a Aspectos filosóficos   |9 265456 
583 |a last modification  |c 20080328 00:00:00  |k Rodrigo Vera 
490 0 |a Colección Biblioteca Palabra. Prensamiento, 32 
999 |c 329205  |d 329203 
952 |0 0  |1 0  |4 0  |6 170_000000000000000_SPA_2007  |7 0  |8 A  |9 413574  |a BIBEDU  |b BIBEDU  |d 2019-11-22  |i 4418603  |l 1  |o 170 SPA 2007  |p 4418603  |r 2022-08-26  |s 2022-08-09  |w 2019-11-22  |y BK  |k FIL